Every Main Villain in the MCU - Statistics

General Stats
  • This quiz has been taken 48 times
    4 since last reset
  • The average score is 62 of 100
Answer Stats
Picture Answer % Correct
Arthur Harrow
100%
Green Goblin
100%
Hela
100%
He Who Remains
100%
He Who Remains
100%
Infinity Ultron
100%
Iron Monger
100%
Kingpin
100%
Kingpin
100%
Kingpin
100%
Kingpin
100%
Kingpin
100%
Loki
100%
Loki
100%
Mysterio
100%
Red Skull
100%
Scarlet Witch
100%
Strange Supreme
100%
Thanos
100%
Thanos
100%
The Dead Queen
100%
Ultron
100%
Whiplash
100%
Yon-Rogg
100%
Abomination
67%
Agatha Harkness
67%
Agent Cleary
67%
Aldrich Killian
67%
Alexander Pierce
67%
Baron Zemo
67%
Bullseye
67%
Cassandra Nova
67%
Dar-Benn
67%
Death
67%
Diamondback
67%
Ego
67%
Eleanor Bishop
67%
Flag Smasher
67%
Galactus
67%
General Dreykov
67%
General Ross
67%
Ghost
67%
Gorr the God Butcher
67%
Grant Ward
67%
Graviton
67%
Harold Meachum
67%
Hive
67%
HulkKing
67%
Jasper Sitwell
67%
Jigsaw
67%
John Garrett
67%
Kaecilius
67%
Kang the Conqueror
67%
Kilgrave
67%
Killmonger
67%
Kro
67%
Madame Gao
67%
Madame Hydra
67%
Malekith the Accursed
67%
Maximus
67%
Muse
67%
Najma
67%
Namor
67%
Ronan the Accuser
67%
Steel Serpent
67%
The High Evolutionary
67%
The Hood
67%
The Leader
67%
The Void
67%
Verussa Bloodstone
67%
Vulture
67%
Xu Wenwu
67%
Yellowjacket
67%
Alexandra Reid
33%
Alisa Jones
33%
Bushmaster
33%
Dottie Underwood
33%
D'Spayre
33%
Felix Blake
33%
Jackson Norriss
33%
John Flynn
33%
John Pilgrim
33%
Ma Gnucci
33%
Morgan le Fay
33%
Nathaniel Malick
33%
Nobu Yoshioka
33%
Super-Skrull
33%
The Lion
33%
Daniel Whitehall
0%
Gregory Salinger
0%
Izel
0%
Johann Fernnhoff
0%
Kasius
0%
Peter Scarborough
0%
Sarge
0%
Sibyl
0%
The Magistrate
0%
The Magistrate
0%
Victor Ramon
0%
Whitney Frost
0%
No matching quizzes found
Score Distribution
Percent of People with Each Score
Percentile by Number Answered
Your Score History
You have not taken this quiz since the last reset